Villes de Haute-Garonne en images - Statistiques

Statistiques générales
  • Ce quiz a été pris 152 fois
    36 depuis la dernière actualisation
  • Le résultat moyen est 6 sur 18
Statistiques - réponses
Par images Hint Réponse % Correct
T Toulouse
100%
B Blagnac
87%
M Muret
77%
S Saint-Gaudens
45%
B Bagnères-de-Luchon
29%
B Balma
29%
G Grenade
26%
(L) I L'Isle-en-Dodon
26%
R Revel
26%
S Saint-Bertrand-de-Comminges
19%
F Fronton
16%
M Martres-Tolosane
16%
C Cazères
13%
M Montréjeau
13%
R Rieux-Volvestre
13%
V Villefranche-de-Lauragais
13%
M Montesquieu-Volvestre
10%
V Villemur-sur-Tarn
10%
Aucun quiz correspondant
Distribution des résultats
% des personnes avec chaque résultat
Percentile par nombre de réponses
Votre historique - résultats
Vous n’avez pas pris ce quiz depuis la dernière actualisation